| 000 | 00492cam a2200193ua 4500 | ||
|---|---|---|---|
| 020 |
_a81-7141-124-x _c400.00 |
||
| 041 |
_aeng _h |
||
| 082 |
_a338.642 _bRAO/SM |
||
| 100 | _aRao., V.S.P . | ||
| 245 | 0 | 0 |
_aSmall industry development in India / _cV.S.P.Rao. _hTextual Documents |
| 250 |
_a1 / _b. |
||
| 260 |
_a : _bDiscovery publishing house , _c1991. |
||
| 300 | _a405 ; . | ||
| 365 | _a400.00 | ||
| 504 | _a | ||
| 700 | 1 | _aNagairya, . | |
| 942 | _cBK | ||
| 999 |
_c1617 _d1617 |
||